| 000 | 01214nam a2200337 a 4500 | ||
|---|---|---|---|
| 999 |
_c3565 _d3565 |
||
| 001 | 739607 | ||
| 003 | GZU | ||
| 005 | 20201202112533.0 | ||
| 008 | 981107s1996 rh b 001 0 eng | ||
| 010 | _a 98982418 | ||
| 020 | _a1779050275 | ||
| 040 |
_aDLC _cDLC |
||
| 042 | _alcode | ||
| 043 | _afs----- | ||
| 050 | 0 | 0 |
_aHD2346 _bIINF 1996 |
| 245 | 0 | 4 |
_aThe informal sector in southern Africa : _ban analysis of conceptual, research, and policy issues / _cGuy C.Z. Mhone (editor). |
| 246 | 1 | 8 | _aInformal sector |
| 260 |
_aHarare : _bSAPES Books, _c1996. |
||
| 300 |
_a121 p. ; _c21 cm. |
||
| 440 | 0 | _aEconomic policy series | |
| 500 | _a"SAPES Trust"--P. [4] of cover. | ||
| 500 | _a"Southern Africa Regional Institute for Policy Studies ..."-- Ser. t.p. | ||
| 504 | _aIncludes bibliographical references (p. [111]-118) and indexes. | ||
| 650 | 0 |
_aInformal sector (Economics) _zAfrica, Southern. |
|
| 700 | 1 |
_aMhone, Guy C. Z., _d1942- |
|
| 710 | 2 | _aSAPES Trust. | |
| 710 | 2 | _aSouthern Africa Regional Institute for Policy Studies. | |
| 906 |
_a7 _bcbc _corigode _d3 _encip _f19 _gy-gencatlg |
||
| 942 |
_2lcc _cBK _h2346 _iINF _kHD |
||